000 00760nam a2200193 a 4500
008 120416s1996 ||||||||||||||||| || u
020 _a0821337327
050 _aIBRD(08)
100 _aKirmani, Syed
245 1 0 _aFostering Riparian cooperation in international river basins: the World Bank at its best in development diplomacy
260 _aWashington, D. C.
_bWorld Bank
_c1996
300 _avii, 19p. : ill.
350 _a0.00
650 0 _aECONOMIC DEVELOPMENT--AFRICA, SUB-SAHARAN
650 _aWATER SHEDS--ECONOMIC ASPECTS
650 _aINTERNATIONAL RELATIONS
700 _aMoigne, Guy Le
995 _D0.00
_FCBU-MAIN LIBRARY (Kitwe)
_H1
_I0.00
_M1
_UAVAILABLE
_ZInternational Publications
999 _c43852
_d43852